| 000 | 01001nam a2200205Ia 4500 | ||
|---|---|---|---|
| 003 | Ost | ||
| 005 | 20260507075702.0 | ||
| 008 | 260507s9999||||xx |||||||||||||| ||und|| | ||
| 040 | _cfsecg | ||
| 041 | _aara | ||
| 100 |
_aالدهراوي، كمال الدين مصطفى _eمؤلف |
||
| 245 | 0 |
_aنظم المعلومات المحاسبية / _c كمال الدين مصطفى الدهراوي |
|
| 260 |
_aالإسكندرية: _bدار الجامعة الجديدة, _c2002 |
||
| 300 |
_a396 صفحة؛ _bجداول، رسومات _c24 سم |
||
| 520 | _aالمفاهيم الاساسية لنظم المعلومات ، تشغيل المعلومات في نظام المعلومات المحاسبي، دورات العمليات- نظم المعلومات القائمة على الحاسبات الإلكترونية المتقدمة | ||
| 653 | _aالمحاسبة | ||
| 653 | _aنظم المعلومات | ||
| 700 |
_aمحمد، سمير كامل _eمؤلف ثانوي |
||
| 942 | _cكتاب | ||
| 999 |
_c45857 _d45857 |
||